| 000 | 01033cab a2200205 4500 | ||
|---|---|---|---|
| 001 | ##L133383 | ||
| 008 | 060505n2006 000 0 eng u | ||
| 035 | _a(Sirsi) u133383 | ||
| 041 | 0 | _aeng | |
| 100 | 1 | _aWilson, Paul | |
| 245 | 0 | 0 | _aDevelopments in national farm business data sources: implications and opportunities |
| 260 | _c2006 | ||
| 490 | 0 |
_aJournal of Farm Management _v12(8) 2006, 464-476(13) |
|
| 520 | _aThe Farm Business Survey (FBS) meets the UK's obligations to the Farm Accountancy Data Network and together with the Special Studies in Agricultural Economics provides feedback to the farm business community, informs policy making and provides data for use in research. Explores developments in the FBS and highlights new possibilities in utilisation and availability of farm business data. References. | ||
| 650 | 2 | 4 | _aFARM BUSINESS SURVEY |
| 690 | _aPROPERTY-RURAL AND NATURAL ASSETS-AGRICULTURAL PROPERTY-AGRICULTURAL FACILITIES | ||
| 700 | 1 | _aSeabrook, Martin | |
| 700 | 1 | _aPrice, Roger | |
| 942 | _n0 | ||
| 999 |
_c76969 _d76969 |
||